| 000 | 00539nam a2200181 i 4500 | ||
|---|---|---|---|
| 001 | 23361 | ||
| 003 | ES-MaACL | ||
| 007 | t| | ||
| 008 | 000210s1879 gw ||||1| eng d | ||
| 100 | 1 |
_aAlldridge, Lizzie. _919966 |
|
| 245 | 1 | 4 |
_aThe world she anoke in _b: a narrative / _cby Lizzie Alldridge. |
| 260 |
_aLeipzig : _bBeruhard Tauchuik, _c1879. |
||
| 300 |
_a2 t. en 1 v. ; _c16 cm. |
||
| 490 | 1 | _aCollection of British authors | |
| 830 | 0 |
_aCollection of British authors _9180703 |
|
| 852 |
_aES-MaACL _jG-12165 |
||
| 999 |
_c23361 _d23361 |
||